| 000 | 00482nam a22001817a 4500 | ||
|---|---|---|---|
| 999 |
_c1937 _d1937 |
||
| 008 | 200207b ||||| |||| 00| 0 eng d | ||
| 020 |
_a81-7409-122-X _cRs.300.00 |
||
| 041 | 0 | _aeng | |
| 082 | 0 | 0 |
_a621.8 _bB188 |
| 100 |
_aBallaney, P. L. _91533 |
||
| 245 | 1 | 0 |
_aTheory of machines & mechanisms / _cby P.L. Ballaney |
| 250 | _a24th ed. | ||
| 260 |
_aDelhi : _bKhanna Publisher, _c2005. |
||
| 300 | _a1340 p. | ||
| 365 | _bINR 300.00 | ||
| 650 | 0 | _aMachinery--Dynamics | |
| 942 | _cBK | ||